Kultúrna inteligencia a efektívne vodcovstvo v súčasnosti

Uložené v:
Podrobná bibliografia
Hlavný autor: Procházková, Katarína, 1983-
Médium: Kapitola
Jazyk:Slovak
English
Predmet:
Tagy: Pridať tag
Žiadne tagy, Buďte prvý, kto otaguje tento záznam!

MARC

LEADER 00000naa$a2200000$$$4500
001 0290225
005 20240502074445.7
041 0 |a slo 
041 0 |a eng 
044 |a SK 
245 1 0 |a Kultúrna inteligencia a efektívne vodcovstvo v súčasnosti  |c Katarína Procházková 
500 |a Abstrakt 
610 2 0 |a inteligencia 
610 2 0 |a podnik 
610 2 0 |a riadenie 
610 2 0 |a rozdiely kultúrne 
610 2 0 |a správanie 
100 1 |a Procházková, Katarína, 1983-